| 000 | 00863nam a2200253 a 4500 | ||
|---|---|---|---|
| 001 | 000013175 | ||
| 005 | 20240412074238.0 | ||
| 008 | 091120s2002 dr a r 000 f spa d | ||
| 020 | _a9993430447 | ||
| 040 |
_aDO-SdBNP _bspa _cBNPHU |
||
| 082 |
_aRD863.44 _bT646h |
||
| 100 | 1 |
_aToirac, Luis, _d1966- _930255 |
|
| 245 | 1 | 3 |
_aLa hiedra interior / _cLuis Toirac. |
| 260 |
_aSanto Domingo : _bBanco Central de la República Dominicana, _c2002. |
||
| 300 |
_a159 p. : _bil. ; _c23 cm. |
||
| 490 | 1 |
_aBanco Central de la República Dominicana _v54 |
|
| 490 | 1 |
_aArte y Literatura _v21 |
|
| 590 | _aInventariado, 2018/BT | ||
| 650 | 0 |
_aCuentos dominicanos _9176 |
|
| 650 | 0 |
_aLiteratura dominicana. _967 |
|
| 830 | 0 |
_aBanco Central de la República Dominicana _n54 _930256 |
|
| 830 | 0 |
_aArte y Literatura _n21 _930257 |
|
| 910 | _aValidado. Control de calidad. MMOLINA | ||
| 999 |
_c12814 _d12814 |
||